| 000 | 00410nam a2200169Ia 4500 | ||
|---|---|---|---|
| 008 | 221030s9999 xx 000 0 und d | ||
| 020 | _a8170083656 | ||
| 041 | _aEnglish | ||
| 082 | _a105.23 | ||
| 100 | _aN. P. Bali | ||
| 245 | 2 | _aA Text Book of Engineering Mathematics | |
| 260 |
_bLaxmi Pub. _aNew Delhi _c2006 |
||
| 300 | _a1425 | ||
| 650 | _aBB Mathematics | ||
| 700 | _aN. C. N. Iyengar | ||
| 942 | _cBK | ||
| 999 |
_c4266 _d4266 |
||